| 000 | 00690cam a22002291 4500 | ||
|---|---|---|---|
| 001 | he 65001070 | ||
| 003 | DLC | ||
| 005 | 20260227111432.0 | ||
| 008 | 841205s1964 is 000 0 heb | ||
| 010 | _ahe 65001070 | ||
| 035 | _a(OCoLC)19194222 | ||
| 040 |
_aDLC _cMH _dCU _dDLC |
||
| 042 | _apremarc | ||
| 050 | 0 | 0 | _aBS715 1964 |
| 130 | 0 |
_aBible. _pOld Testament. _lHebrew. _f1964. |
|
| 245 | 1 | 0 |
_aTorah, Neviʼim Ketuvim meforashim / _c[et ha-perush katav: Shelomoh Zalman Ariʼel...] |
| 260 |
_a[Tel Aviv] : _bʻAdi, _c[1964] |
||
| 300 |
_a2 v. (1359 p.) ; _c19 cm. |
||
| 630 | 0 | 0 |
_aBible. _pOld Testament _xCommentaries. |
| 700 | 1 |
_aAriel, S. Z., _d1895- |
|
| 752 |
_aIsrael _dTel Aviv |
||
| 999 |
_c31243 _d31243 |
||